000 00759nam a2200265Ia 4500
003 OSt
005 20221006160151.0
006 a|||||r|||| 00| 0
007 ta
008 221006b |||||||| |||| 00| 0 chi d
020 _a9788962970111
_cW15,000
024 _a44,507
037 _bGift, KCC (Window on Korea)
_cAnnuals, Advances
040 _aEASL
_cEASL
_bchi
041 _2chi
_achi
082 _aO495,1N45, P9
100 _aNemnich John
_9672186
245 0 _aNature,pilgrimage, and life in korea
260 _aSeoul
_bJImoondang
_c2009
300 _a304p.
_ccm.
490 _v KEL
650 _aKEL
942 _hO495,1N45, P9
_cREF
_2CC
999 _c1112599
_d1112599